000
00274 a2200145 4500
001
178838
020
_a
040
_c
Magnum
100
_a
Amado, Jorge
240
1
0
_a
Carybe
_l
por
245
1
0
_a
Carybe
362
0
_a
1899
697
_a
MAGNITO: BELAS ARTES
942
_c
BK
999
_c
178838
_d
178838